Statistics for Golden State Warriors 2020's Starters

Click here to take the quiz!

General Stats

  • This quiz has been taken 247 times
    (65 since last reset)
  • The average score is 7 of 12

Answer Stats

PlayerStarts% Correct
Draymond Green5
100%
Stephen Curry4
100%
Klay Thompson2
98%
Andrew Wiggins4
91%
Kevon Looney3
89%
Jordan Poole1
79%
Jonathan Kuminga1
74%
D'Angelo Russell1
53%
Kelly Oubre Jr.1
21%
Damion Lee1
19%
Willie Cauley-Stein1
16%
Glenn Robinson III1
9%

Score Distribution

Percentile by Number Answered

Percent of People with Each Score

Your Score History

You have not taken this quiz since the last reset